000 02009nab a2200277 a 4500
005 20251002072701.0
008 991125c2015 cu qr p o 000 0 spa d
035 _aUPN01000207530
040 _aMX-MxUPN
_bspa
_cMX-MxUPN
_eaacr2
049 _aART-E
100 1 _aGómez García, Antonio Ramón
100 1 _uantonio.gomez@uisek.edu.ec
100 1 _aSuasnavas Bermúdez, Pablo Roberto
100 1 _aDávila Rodriguez, Pablo Ramiro
245 1 0 _aCaracterización de las investigaciones de tesis de postgrado en salud laboral de la Universidad Internacional Sek - Ecuador
506 0 _aAcceso abierto
520 3 _aLas tesis de maestrías el resultado visible de la producción científica de las universidades. El objetivo principal de este estudio fue analizar la producción y temáticas en salud laboral de las tesis de postgrados de la Maestría en Seguridad y Salud Ocupacional a través de indicadores como: técnica preventiva empleada, temática y diseño de investigación, entre otras variables. La especialidad de Medicina Laboral como tema de tesis se ha incrementado en 2015, la temática sigue siendo las lesiones músculo - esqueléticas cuya metodología corresponde a estudios de tipo transversal y descriptivo. Surge la necesidad de crear una cultura de investigación en los médicos ocupacionales con el objetivo de realizar estudios de pre y post intervención, longitudinales y de carácter analístico, relación causa - efecto. Así mismo, abarcar nuevas líneas de investigación, en concreto, vigilancia de la salud y enfermedades profesionales ajustadas a la realidad ecuatoriana.
650 4 _aTesis y disertaciones académicas
_912172
650 4 _aEducación superior
_932
653 0 _aSalud ocupacional
773 _gVol. 6, no. 6 (2015), p. 131-140
_tDidasc@lia : didáctica y educación
_x2224-2643
856 4 _uhttps://revistas.ult.edu.cu/index.php/didascalia/article/view/440
902 _aGloria Jiménez/021025
905 _aArticulo
942 _cART-E
999 _c179631
_d179631